[Event "Match"]
[Site "www.echecsemail.com"]
[Date "2018.01.21"]
[Round "1"]
[White "Chapi"]
[Black "Apdash"]
[WhiteElo "2150"]
[BlackElo "2210"]
[Result "1/2-1/2"]
[Round "1"]
1.d4 d5
2.c4 Ng8f6
3.Nb1c3 e6
4.Ng1f3 c6
5.Bc1g5 Bf8e7
6.cxd5 exd5
7.e3 Bc8g4
8.Bf1e2 Nb8d7
9.O-O Nf6e4
10.Bg5xe7 Qd8xe7
11.Nf3d2 Bg4xe2
12.Qd1xe2 O-O
13.Qe2d3 f5
14.Nc3xe4 fxe4
15.Qd3b3 Nd7f6
16.Ra1c1 Rf8f7
17.f4 exf3
18.Rf1xf3 Ra8f8
19.Qb3c2 Nf6g4
20.Qc2d3 Rf7xf3
21.Nd2xf3 Qe7xe3
22.Qd3xe3 Ng4xe3
23.Rc1e1 Ne3f5
24.g4 Nf5d6
25.Kg2 Rf8f4
26.Re1e7 Rf4xg4
27.Kh3 Rg4e4
28.Re7d7 Nd6b5
29.Rd7d8 Kf7
30.Nf3g5 Ke7
31.Rd8b8 Re4xd4
32.Rb8xb7 Kd6
33.Rb7xg7 h5
34.b3 Rd4d2
35.a4 Nb5d4
36.b4 Rd2b2
37.Rg7b7 Nd4f5
38.b5 cxb5
39.axb5 d4
40.Ng5e4 Ke5
41.Ne4c5 Kd5
42.Nc5a4 Rb2b4
43.Rb7xa7 Rb4xb5
44.Ra7h7 Rb5b3
45.Kg2 h4
46.Rh7f7 h3
47.Kf2 Ke5
48.Na4c5 Rb3b2
49.Kg1 Rb2g2
50.Kh1 Nf5d6
51.Rf7f3 Rg2c2
52.Nc5d3 Ke4
53.Rf3xh3 Nd6f5
54.Nd3b4 Rc2c3
55.Rh3xc3 dxc3
56.Kg2 Nf5d4
57.Kg3 Nd4c6
58.Nb4a2 c2
59.Kg4 Nc6b4
60.Na2c1 Ke3
61.h4 Kd2
62.Nc1b3 Kc3
63.Nb3c1 Kd2
64.Nc1b3 Kc3
65.Nb3c1 Kb2
66.Nc1e2 Nb4c6
67.h5 Nc6d4
68.h6 Nd4xe2
69.h7 c1Q
70.h8Q Ne2c3
71.Qh8b8 { draw }
1/2-1/2

[Event "Match"]
[Site "www.echecsemail.com"]
[Date "2018.01.21"]
[Round "1"]
[White "Bjonil60"]
[Black "Azocarwagner"]
[WhiteElo "1460"]
[BlackElo "1860"]
[Result "0-1"]
[Round "1"]
1.Ng1f3 Ng8f6
2.d3 Nb8c6
3.e3 e5
4.Nb1d2 Bf8b4
5.c3 Bb4e7
6.e4 d5
7.exd5 Nf6xd5
8.c4 Nd5f4
9.g3 Nf4e6
10.b3 O-O
11.a3 Ne6d4
12.Nf3xd4 Qd8xd4
13.Ra1b1 Be7c5
14.b4 Qd4xf2

0-1

[Event "1/128 Finale"]
[Site "www.chess-mail.com"]
[Date "2018.01.21"]
[Round "1"]
[White "Julian"]
[Black "Aniruddhadg"]
[WhiteElo "1690"]
[BlackElo "2259"]
[Result "0-1"]
[Round "1"]
1.e4 c5
2.Ng1f3 d6
3.c3 Ng8f6
4.e5 dxe5
5.Nf3xe5 Nb8d7
6.d4 cxd4
7.cxd4 Nd7xe5
8.dxe5 Qd8a5
9.Nb1c3 Qa5xe5
10.Bc1e3 Bc8d7
11.Bf1e2 e6
12.O-O Bf8c5
13.Be3xc5 Qe5xc5
14.Qd1b3 Bd7c6
15.Ra1c1 Qc5g5
16.f3 O-O
17.Rf1d1 h5
18.Nc3e4 Nf6xe4
19.fxe4 Bc6xe4
20.Be2f3 Be4xf3
21.Qb3xf3 Ra8c8
22.Rc1xc8 Rf8xc8
23.Qf3xb7 Qg5e3
24.Kf1 Rc8c4
25.Qb7a8 Kh7
26.Qa8f3 Rc4f4
{ resign }
0-1

[Event "Tourn. n9575"]
[Site "www.chess-mail.com"]
[Date "2018.01.22"]
[Round "1"]
[White "Scasan55"]
[Black "Falcoale"]
[WhiteElo "2060"]
[BlackElo "2030"]
[Result "0-1"]
[Round "1"]
1.e4 c5
2.Ng1f3 Nb8c6
3.d4 cxd4
4.Nf3xd4 e6
5.Nb1c3 a6
6.Bf1e2 Bf8b4
7.Qd1d3 Ng8f6
8.Bc1d2 O-O
9.O-O Bb4c5
10.Bd2e3 Nc6xd4
11.Be3xd4 Bc5xd4
12.Qd3xd4 b5
13.a3 Bc8b7
14.f3 d5
15.e5 Nf6d7
16.f4 Nd7b6
17.Rf1f3 Nb6c4
18.Be2d3 Nc4xb2
19.f5 Nb2xd3
20.Qd4xd3 d4
21.Nc3e4 exf5
22.Rf3xf5 Qd8d5
23.Ra1e1 Rf8e8
24.Qd3g3 Re8e6
25.Ne4f6 Re6xf6
26.Rf5xf6 Qd5xg2
27.Qg3xg2 Bb7xg2
28.Rf6xf7 Kxf7
29.Kxg2 Ke6
30.Kf3 Ra8c8
31.Re1e2 Rc8c3
32.Ke4 Rc3xa3
33.Kxd4 Ra3a4
34.Kc5 g5
35.h3 h5
36.Re2d2 Kxe5
37.Rd2d5 Kf4
38.Rd5d3 Ra4c4
39.Kb6 Rc4xc2
40.Kxa6 Rc2b2
41.Kb6 g4
42.hxg4 hxg4
43.Rd3d4 Kf3
44.Rd4d3 Kf2
{ resign }
0-1

[Event "Tourn. n9697"]
[Site "www.chess-mail.com"]
[Date "2018.01.22"]
[Round "1"]
[White "Francesco"]
[Black "Apdash"]
[WhiteElo "2050"]
[BlackElo "2160"]
[Result "0-1"]
[Round "1"]
1.d4 d5
2.Ng1f3 Ng8f6
3.Bc1g5 e6
4.e3 c5
5.c4 cxd4
6.Nf3xd4 Qd8a5
7.Qd1d2 Bf8b4
8.Nb1c3 Nf6e4
9.a3 Ne4xd2
{ resign }
0-1

[Event "Tourn. n9691"]
[Site "www.chess-mail.com"]
[Date "2018.01.22"]
[Round "1"]
[White "Dussek"]
[Black "Osopanda"]
[WhiteElo "1800"]
[BlackElo "1770"]
[Result "0-1"]
[Round "1"]
1.c4 Ng8f6
2.Ng1f3 d6
3.Nb1c3 e5
4.e4 c6
5.Bf1e2 Bf8e7
6.O-O Bc8e6
7.b3 Nb8d7
8.Bc1b2 O-O
9.Qd1c2 Ra8c8
10.Ra1c1 d5
11.cxd5 cxd5
12.d3 d4
13.Nc3b5 Rc8xc2
{ resign }
0-1

[Event "Tourn. n9702"]
[Site "www.chess-mail.com"]
[Date "2018.01.22"]
[Round "1"]
[White "Mitja"]
[Black "Fantomas"]
[WhiteElo "2020"]
[BlackElo "2230"]
[Result "0-1"]
[Round "1"]
1.d4 d5
2.e3 Ng8f6
3.c3 g6
4.h3 Bf8g7
5.Ng1f3 O-O
6.Bf1d3 Nb8c6
7.Bd3c2 a6
8.O-O h6
9.b3 Rf8e8
10.Bc1b2 Bc8e6
11.Qd1e2 Nf6h7
12.Nb1d2 f5
13.Nf3h2 Nh7f6
14.Nd2f3 Nf6e4
15.Nf3d2 Be6f7
16.Rf1e1 e5
17.dxe5 Bg7xe5
18.Nd2xe4 dxe4
19.Re1d1 Qd8f6
20.Qe2e1 Ra8d8
21.Rd1xd8 Re8xd8
22.Ra1d1 Be5d6
23.Nh2f1 Qf6e5
24.Rd1b1 Qe5e7
25.Qe1e2 Nc6e5
26.Nf1h2 Qe7h4
27.c4 Rd8e8
28.Nh2f1 g5
29.Bc2d1 Bf7g6
30.Rb1c1 Ne5d3
31.Rc1b1 f4
32.exf4 gxf4
33.f3 Bd6c5
34.Kh1 exf3
35.Qe2xf3 Qh4f2
36.Qf3xf2 Nd3xf2
{ resign }
0-1

[Event "Tourn. n9629"]
[Site "www.chess-mail.com"]
[Date "2018.01.22"]
[Round "1"]
[White "Bira47"]
[Black "Vios"]
[WhiteElo "2060"]
[BlackElo "2230"]
[Result "0-1"]
[Round "1"]
1.c4 e5
2.g3 f5
3.a3 Ng8f6
4.Bf1g2 g6
5.b4 Bf8g7
6.Bc1b2 d6
7.e3 O-O
8.Ng1e2 c6
9.O-O Bc8e6
10.d4 e4
11.Nb1d2 Nb8a6
12.Ne2f4 Be6f7
13.Ra1c1 Na6c7
14.f3 g5
15.Nf4e2 exf3
16.Bg2xf3 Qd8e8
17.e4 fxe4
18.Bf3g2 e3
19.Nd2b3 Nf6g4
20.Ne2c3 Ng4f2
21.Rf1xf2 exf2
22.Kxf2 Bf7h5
23.Bg2f3 Rf8xf3
24.Qd1xf3 Bh5xf3
25.Kxf3 Qe8f7
26.Kg2 Ra8f8
 { time }
0-1

[Event "Tourn. n9648"]
[Site "www.chess-mail.com"]
[Date "2018.01.22"]
[Round "1"]
[White "Coolant"]
[Black "Tartan"]
[WhiteElo "2350"]
[BlackElo "2540"]
[Result "0-1"]
[Round "1"]
1.d4 Ng8f6
2.Ng1f3 d5
3.Bc1f4 c5
4.c3 Nb8c6
5.dxc5 e6
6.b4 a5
7.b5 Nc6e7
8.e3 Ne7g6
9.c6 Ng6xf4
10.cxb7 Nf4xg2
11.Bf1xg2 Bc8xb7
12.O-O Bf8d6
13.Nb1d2 Ra8c8
14.Qd1b3 O-O
15.Rf1d1 Qd8c7
16.Ra1c1 Rf8d8
17.h3 Nf6d7
18.Nf3d4 Nd7b6
19.e4 dxe4
20.Nd2xe4 Bb7d5
21.Qb3b1 Bd6h2
22.Kh1 Bh2f4
23.Rc1c2 f5
24.Ne4d2 Bd5xg2
25.Kxg2 Rd8xd4
{ resign }
0-1

[Event "Tourn. n9655"]
[Site "www.chess-mail.com"]
[Date "2018.01.22"]
[Round "1"]
[White "Aiko1603"]
[Black "Prize64"]
[WhiteElo "2080"]
[BlackElo "2140"]
[Result "1-0"]
[Round "1"]
1.c4 Ng8f6
2.Nb1c3 g6
3.g3 Bf8g7
4.Bf1g2 O-O
5.Ng1f3 d6
6.O-O Nb8c6
7.d4 a6
8.Bc1g5 Ra8b8
9.a3 Nc6a5
10.Qd1a4 c5
11.d5 Bc8d7
12.Qa4c2 b5
13.cxb5 axb5
14.b4 cxb4
15.axb4 Na5c4
16.Nf3d4 h6
17.Bg5f4 Nf6h5
18.Bf4e3 Nc4xe3
19.fxe3 Qd8b6
20.Qc2d3 Rb8a8
21.Ra1xa8 Rf8xa8
22.Nd4e6 fxe6
23.dxe6 Ra8a7
24.exd7 Ra7xd7
25.Nc3d5 Qb6b8
26.Qd3xg6 Nh5f6
27.Rf1xf6 Rd7a7
28.Qg6f7 Kh8
29.Nd5xe7 { resign }
1-0

[Event "Tourn. n9677"]
[Site "www.chess-mail.com"]
[Date "2018.01.22"]
[Round "1"]
[White "Gvladutz"]
[Black "Coolant"]
[WhiteElo "2500"]
[BlackElo "2350"]
[Result "1-0"]
[Round "1"]
1.e4 Nb8c6
2.Ng1f3 e5
3.Bf1b5 f5
4.Nb1c3 fxe4
5.Nc3xe4 Ng8f6
6.Qd1e2 d5
7.Ne4xf6 gxf6
8.d4 Bf8g7
9.dxe5 O-O
10.e6 Rf8e8
11.O-O Re8xe6
12.Bc1e3 Nc6e5
13.Bb5d3 Re6e8
14.Nf3xe5 fxe5
15.f3 Bc8e6
16.c4 d4
17.Be3f2 Qd8g5
18.Qe2e4 h6
19.Ra1e1 c6
20.Bf2g3 Be6f7
21.f4 exf4
22.Qe4h7 Kf8
23.Re1xe8 Ra8xe8
24.Bg3xf4 Qg5f6
25.Bf4d2 Qf6d6
26.Bd3g6 Re8e7
27.Bd2xh6 { resign }
1-0

[Event "Tourn. n9650"]
[Site "www.chess-mail.com"]
[Date "2018.01.22"]
[Round "1"]
[White "Pangloss"]
[Black "Sahlapalat"]
[WhiteElo "2159"]
[BlackElo "1960"]
[Result "0-1"]
[Round "1"]
1.e4 c5
2.Ng1f3 d6
3.d4 cxd4
4.Nf3xd4 Ng8f6
5.Nb1c3 Nb8c6
6.Bc1e3 e5
7.Nd4b5 a6
8.Nb5a3 b5
9.Nc3d5 Ra8b8
10.f3 Bc8e6
11.c4 b4
12.Na3c2 Bf8e7
13.Bf1e2 O-O
14.O-O a5
15.Qd1e1 Nf6d7
16.Ra1d1 Nd7c5
17.Be3xc5 Be6xd5
18.cxd5 dxc5
 { time }
0-1

[Event "Match"]
[Site "www.echecsemail.com"]
[Date "2018.01.22"]
[Round "1"]
[White "Begory"]
[Black "Azocarfreund"]
[WhiteElo "1570"]
[BlackElo "1770"]
[Result "1-0"]
[Round "1"]
1.d4 Ng8f6
2.Bc1f4 d5
3.Nb1c3 Nb8c6
4.Nc3b5 Bc8f5
5.Nb5xc7 Kd7
6.Nc7xa8 Qd8xa8
7.e3 a6
8.Bf1d3 Bf5xd3
9.Qd1xd3 Nc6b4
10.Qd3c3 Nb4c6
11.Ng1f3 e6
12.Nf3e5 Nc6xe5
13.Bf4xe5 Qa8c8
14.Qc3xc8 Ke7
15.Qc8xb7 Nf6d7
16.Qb7xa6 Nd7xe5
17.O-O Ne5d7
18.a4 Kf6
19.a5 Bf8e7
20.Qa6b7 Nd7f8
21.a6 Nf8g6
22.a7 { resign }
1-0

[Event "Match"]
[Site "www.echecsemail.com"]
[Date "2018.01.22"]
[Round "1"]
[White "Apdash"]
[Black "Bjonil60"]
[WhiteElo "2330"]
[BlackElo "1460"]
[Result "1-0"]
[Round "1"]
1.d4 d5
2.Ng1f3 f6
3.c4 Nb8c6
4.Nb1c3 e6
5.cxd5 Nc6e7
6.dxe6 Bc8xe6
7.e4 c6
8.Bc1e3 b6
9.e5 fxe5
10.Nf3xe5 Ng8f6
11.Bf1e2 Qd8c7
12.Qd1c2 O-O-O
13.Be2a6 Kb8
14.Ra1c1 c5
15.Nc3b5 Ne7d5
16.Nb5xc7 Kxc7
17.dxc5 Nd5b4
18.cxb6 Kb8
19.Qc2c7 Ka8
20.Qc7xa7 
1-0

[Event "Match"]
[Site "www.echecsemail.com"]
[Date "2018.01.22"]
[Round "1"]
[White "Biohazard"]
[Black "Jose"]
[WhiteElo "2689"]
[BlackElo "2830"]
[Result "1/2-1/2"]
[Round "1"]
1.b4 e5
2.Bc1b2 Bf8xb4
3.Bb2xe5 Ng8f6
4.e3 O-O
5.Ng1f3 d5
6.c4 Rf8e8
7.Be5b2 Nb8c6
8.cxd5 Nf6xd5
9.Bf1e2 Bc8g4
10.O-O Qd8d6
11.h3 Bg4h5
12.a3 Bb4a5
13.d4 Qd6g6
14.Qd1d3 Qg6h6
15.Be2d1 Ra8d8
16.Nb1d2 Bh5g6
17.Qd3b3 Re8e6
18.Bb2c1 Ba5b6
19.a4 Bg6f5
20.Nd2c4 Bf5xh3
21.Nc4e5 Bh3xg2
{ draw }
1/2-1/2

[Event "Match"]
[Site "www.echecsemail.com"]
[Date "2018.01.22"]
[Round "1"]
[White "Bojan"]
[Black "Mitja"]
[WhiteElo "2000"]
[BlackElo "2020"]
[Result "0-1"]
[Round "1"]
1.e4 d5
2.exd5 Qd8xd5
3.Nb1c3 Qd5d8
4.Qd1f3 e6
5.Ng1h3 c6
6.d3 h6
7.Bc1f4 Ng8e7
8.a3 Ne7g6
9.Bf4e3 Bf8e7
10.d4 Be7f6
11.Ra1d1 O-O
12.b4 b6
13.Nc3e4 Bf6e7
14.c4 Bc8b7
15.c5 b5
16.Nh3f4 Ng6xf4
17.Be3xf4 Nb8d7
18.Ne4d6 Be7xd6
19.Bf4xd6 Rf8e8
20.Bf1e2 Nd7f6
21.O-O Nf6d5
22.Qf3g3 a5
23.bxa5 Ra8xa5
24.Rd1d3 Qd8g5
25.Rf1d1 Qg5xg3
26.fxg3 Re8a8
27.Rd1a1 Nd5b4
28.Rd3b3 Nb4c2
29.Ra1a2 Nc2xd4
30.Rb3e3 Nd4xe2
31.Re3xe2 Ra5xa3
32.Ra2b2 Ra3a4
33.h3 Ra4a1
34.Kf2 Ra1a4
35.g4 Bb7c8
36.Re2e5 f6
37.Re5e2 e5
38.Re2e3 Bc8e6
39.Kf3 Ra4a3
40.Rb2e2 Ra3xe3
41.Re2xe3 Be6d5
42.Kg3 Ra8a2
43.Kh4 Ra2xg2
44.Re3a3 Rg2a2
45.Ra3g3 Kh7
46.Kh5 g6
47.Kh4 g5
{ resign }
0-1

[Event "Match"]
[Site "www.echecsemail.com"]
[Date "2018.01.22"]
[Round "1"]
[White "Virgil08bv"]
[Black "Ketchuplover"]
[WhiteElo "1499"]
[BlackElo "1960"]
[Result "1-0"]
[Round "1"]
1.e4 c5
2.Ng1f3 Nb8c6
3.Bf1b5 Qd8c7
4.O-O a6
5.Bb5xc6 dxc6
6.d4 e6
7.Nb1c3 h6
8.e5 cxd4
9.Qd1xd4 b5
10.Qd4g4 Ng8e7
11.Nc3e4 Ne7f5
12.Bc1f4 Bf8e7
13.Ne4d6 Kf8
14.Ra1d1 h5
15.Qg4h3 Bc8d7
16.g4 Nf5h6
17.Qh3xh5 Kg8
18.Bf4xh6 Rh8xh6
19.Qh5xf7 { resign }
1-0

[Event "1/16 Finale"]
[Site "www.chess-mail.com"]
[Date "2018.01.22"]
[Round "1"]
[White "Guidom"]
[Black "George1955"]
[WhiteElo "2170"]
[BlackElo "2670"]
[Result "0-1"]
[Round "1"]
1.e4 c6
2.d4 d5
3.exd5 cxd5
4.Bc1f4 Nb8c6
5.c3 Bc8f5
6.Ng1f3 e6
7.Bf1d3 Bf5xd3
8.Qd1xd3 Bf8d6
9.Bf4xd6 Qd8xd6
10.O-O Ng8f6
11.Nb1d2 O-O
12.Rf1e1 Qd6c7
13.h3 Ra8c8
14.Nf3e5 Nc6xe5
15.Re1xe5 Rf8d8
16.Ra1e1 Qc7b6
17.Nd2b3 Nf6e4
18.f3 Ne4d6
19.Re1e2 Nd6c4
20.Re5h5 g6
21.Rh5h4 e5
22.Kh1 Qb6f6
23.Rh4g4 h5
24.Rg4g3 Kg7
25.dxe5 Qf6f4
26.e6 Qf4xg3
27.Qd3d4 f6
28.e7 Rd8e8
29.Qd4xd5 Qg3d6
30.Qd5xb7 Qd6d1
{ resign }
0-1

[Event "Tourn. n9655"]
[Site "www.chess-mail.com"]
[Date "2018.01.23"]
[Round "1"]
[White "Pangloss"]
[Black "Sahlapalat"]
[WhiteElo "2159"]
[BlackElo "2000"]
[Result "0-1"]
[Round "1"]
1.e4 c5
2.d4 cxd4
3.c3 d3
4.c4 Ng8f6
5.Bf1xd3 Nb8c6
6.Nb1c3 e6
7.Ng1f3 a6
8.O-O Qd8c7
9.Rf1e1 d6
10.Bc1f4 Nf6d7
11.Ra1c1 Qc7a5
12.Bd3e2 Nd7e5
13.Nf3d4 Nc6xd4
14.Qd1xd4 Bf8e7
 { time }
0-1

[Event "Tourn. n9665"]
[Site "www.chess-mail.com"]
[Date "2018.01.23"]
[Round "1"]
[White "Szustan"]
[Black "Loper10"]
[WhiteElo "2560"]
[BlackElo "2690"]
[Result "1/2-1/2"]
[Round "1"]
1.e4 e6
2.d4 d5
3.Nb1c3 Bf8b4
4.e5 c5
5.a3 Bb4xc3
6.bxc3 Qd8c7
7.Ng1f3 Ng8e7
8.a4 b6
9.Bf1b5 Bc8d7
10.Bb5d3 Nb8c6
11.O-O h6
12.Rf1e1 O-O
13.Nf3h4 f5
14.Bc1a3 Rf8f7
15.Bd3b5 Nc6a5
16.dxc5 bxc5
17.Bb5xd7 Qc7xd7
18.Ba3xc5 Ra8c8
19.Bc5d4 Kh7
20.f4 Ne7g6
21.Nh4xg6 Kxg6
22.Qd1f3 Kh7
23.h4 Na5c4
24.Qf3e2 { draw }
1/2-1/2

[Event "Tourn. n9652"]
[Site "www.chess-mail.com"]
[Date "2018.01.23"]
[Round "1"]
[White "Piekki"]
[Black "Mitja"]
[WhiteElo "2130"]
[BlackElo "2030"]
[Result "1-0"]
[Round "1"]
1.e4 d5
2.exd5 Qd8xd5
3.Nb1c3 Qd5d8
4.d4 e6
5.Ng1f3 c6
6.Bf1c4 h6
7.Qd1e2 Ng8f6
8.Bc1d2 Nb8d7
9.O-O-O Nd7b6
10.Bc4b3 Nb6d5
11.Rh1e1 Nd5xc3
12.Bd2xc3 Nf6d5
13.Bc3d2 Bf8e7
14.c4 Nd5f6
15.Nf3e5 Nf6d7
16.Ne5xf7 Kxf7
17.Qe2xe6 Kf8
18.Bb3c2 Nd7f6
19.Qe6e2 Kf7
20.Qe2d3 Bc8d7
21.d5 cxd5
22.cxd5 Be7d6
23.Bd2c3 Bd7g4
24.Qd3g6 Kf8
25.Bc3xf6 Qd8xf6
26.Qg6xg4 Bd6e5
27.Qg4b4 Qf6e7
28.Qb4xe7 Kxe7
29.Re1xe5 Kf6
30.Re5f5 { resign }
1-0

[Event "Tourn. n9656"]
[Site "www.chess-mail.com"]
[Date "2018.01.23"]
[Round "1"]
[White "Begory"]
[Black "Picifarkinca"]
[WhiteElo "1570"]
[BlackElo "1650"]
[Result "1/2-1/2"]
[Round "1"]
1.d4 d5
2.Bc1f4 c6
3.Ng1f3 Ng8f6
4.e3 Bc8g4
5.h3 Bg4xf3
6.Qd1xf3 e6
7.Nb1c3 Bf8d6
8.Bf4g5 Nb8d7
9.O-O-O Qd8a5
10.Bg5xf6 Nd7xf6
11.e4 dxe4
12.Nc3xe4 Nf6xe4
13.c3 Ne4f6
14.Rd1e1 Qa5xa2
15.Bf1d3 Qa2a1
16.Kc2 Qa1a4
17.Kd2 O-O
18.Re1a1 Qa4b3
19.h4 Qb3d5
20.Qf3xd5 exd5
21.g3 { draw }
1/2-1/2

[Event "Tourn. n9680"]
[Site "www.chess-mail.com"]
[Date "2018.01.23"]
[Round "1"]
[White "Bojan"]
[Black "Claymil"]
[WhiteElo "1960"]
[BlackElo "2030"]
[Result "1-0"]
[Round "1"]
1.e4 c5
2.Ng1f3 Nb8c6
3.Bf1c4 e6
4.d4 cxd4
5.Nf3xd4 a6
6.Bc1e3 Ng8e7
7.Nb1d2 b5
8.Bc4d3 Bc8b7
9.Nd2b3 d5
10.Nd4xc6 Bb7xc6
11.Qd1f3 dxe4
12.Bd3xe4 Bc6xe4
13.Qf3xe4 Ne7d5
14.O-O-O Bf8d6
15.Rd1xd5 O-O
16.Rd5d3 Qd8e7
17.g3 Ra8c8
18.Qe4f3 Qe7c7
19.Rd3c3 Qc7e7
20.Be3d4 e5
21.Rc3xc8 Rf8xc8
22.Bd4b6 f6
23.Rh1d1 g6
24.Qf3d5 Kg7
25.Qd5xd6 Qe7e8
26.Nb3c5 Rc8c6
27.Qd6d7 { resign }
1-0

[Event "Tourn. n9631"]
[Site "www.chess-mail.com"]
[Date "2018.01.23"]
[Round "1"]
[White "Dussek"]
[Black "Cal"]
[WhiteElo "1910"]
[BlackElo "1680"]
[Result "1-0"]
[Round "1"]
1.e4 e5
2.Ng1f3 d6
3.Nb1c3 a6
4.Bf1c4 h6
5.d4 exd4
6.Nf3xd4 Ng8f6
7.f3 c5
8.Nd4b3 Bc8e6
9.Bc4xe6 fxe6
10.Bc1e3 Bf8e7
11.Qd1d2 b5
12.a3 Nb8c6
13.O-O-O O-O
14.g4 Nc6e5
15.Qd2f2 c4
16.Nb3d4 Qd8d7
17.g5 Nf6h5
18.gxh6 g6
19.Rh1g1 Kh7
20.Rg1g2 d5
21.exd5 exd5
22.Qf2e2 Be7c5
23.Rd1f1 b4
24.axb4 Bc5xd4
25.Be3xd4 Nh5f4
26.Qe2xe5 Ra8e8
27.Qe5g5 Nf4xg2
28.Qg5xg2 Rf8f4
29.Rf1d1 Kxh6
30.Qg2g3 g5
31.Bd4c5 Qd7f5
32.Nc3xd5 Re8e2
33.Nd5e3 Qf5f7
34.Rd1d6 Kh7
35.Qg3xg5 Re2xh2
36.Ne3g4 Rf4xg4
37.fxg4 Qf7f1
38.Rd6d1 Qf1e2
39.Qg5f5 Kg8
40.Qf5g6 Kh8
41.Bc5d4 { resign }
1-0

[Event "Tourn. n9626"]
[Site "www.chess-mail.com"]
[Date "2018.01.23"]
[Round "1"]
[White "Malbertan"]
[Black "Claymil"]
[WhiteElo "1950"]
[BlackElo "2070"]
[Result "1-0"]
[Round "1"]
1.e4 c5
2.Ng1f3 Nb8c6
3.d4 cxd4
4.Nf3xd4 g6
5.Bc1e3 Bf8g7
6.Qd1d2 d6
7.Nb1c3 a6
8.Bf1c4 Nc6e5
9.Bc4b3 Ne5g4
10.Be3g5 h6
11.Bg5h4 Ng8f6
12.h3 Ng4e5
13.f4 Ne5c6
14.Bh4f2 O-O
15.O-O-O Qd8c7
16.Nd4xc6 Qc7xc6
17.e5 dxe5
18.fxe5 Nf6h7
19.Nc3d5 Rf8e8
20.Nd5b6 Bc8e6
21.Bb3xe6 Qc6xe6
22.Nb6xa8 Re8xa8
23.Kb1 Nh7g5
24.Qd2d7 b5
25.Qd7xe6 Ng5xe6
26.Bf2g3 Bg7f8
27.Rd1d7 Ne6c5
28.Rd7c7 e6
29.Bg3f4 Nc5e4
30.Rh1e1 Ne4f2
31.Re1e2 Nf2d1
32.Re2d2 Nd1xb2
33.Kxb2 { resign }
1-0

[Event "Tourn. n9702"]
[Site "www.chess-mail.com"]
[Date "2018.01.23"]
[Round "1"]
[White "Fantomas"]
[Black "Pellix84"]
[WhiteElo "2230"]
[BlackElo "2060"]
[Result "1/2-1/2"]
[Round "1"]
1.e4 c5
2.Ng1f3 d6
3.d4 cxd4
4.Nf3xd4 Ng8f6
5.Bf1d3 e5
6.Nd4b3 Bc8e6
7.c3 Bf8e7
8.O-O O-O
9.Kh1 a5
10.f3 Nb8a6
11.Bc1e3 Na6c7
12.Nb3d2 d5
13.Qd1e2 dxe4
14.Nd2xe4 Nf6d5
15.Rf1d1 Nd5xe3
16.Qe2xe3 Nc7d5
17.Qe3f2 Ra8c8
18.Bd3f1 f5
19.c4 fxe4
20.cxd5 Be6xd5
21.Nb1c3 Rc8xc3
22.bxc3 exf3
23.Bf1c4 fxg2
24.Qf2xg2 Bd5xc4
25.Rd1xd8 Rf8xd8
26.Qg2f2 Rd8c8
27.h4 Bc4d5
28.Kh2 Rc8xc3
29.Qf2d2 Rc3c5
30.Ra1c1 Rc5xc1
31.Qd2xd5 Kf8
32.Qd5xa5 Rc1c5
33.Qa5a8 Kf7
34.Qa8xb7 g6
35.Qb7b3 Kg7
36.Kg3 h5
37.a4 Rc5a5
38.Qb3b7 { draw }
1/2-1/2

[Event "Tourn. n9645"]
[Site "www.chess-mail.com"]
[Date "2018.01.23"]
[Round "1"]
[White "Sahlapalat"]
[Black "Pangloss"]
[WhiteElo "1960"]
[BlackElo "1809"]
[Result "1-0"]
[Round "1"]
1.d4 Ng8f6
2.c4 e6
3.Nb1c3 Bf8b4
4.Qd1c2 O-O
5.a3 Bb4xc3
6.Qc2xc3 Nf6e4
7.Qc3c2 f5
8.Ng1f3 b6
9.e3 Bc8b7
10.Bf1d3 d6
11.O-O Nb8d7
12.b4 Rf8f6
13.Nf3d2 Rf6h6
14.Bd3xe4 fxe4
15.Nd2xe4 Qd8h4
16.h3 Bb7xe4
17.Qc2e2 Be4xg2
18.Qe2g4 Qh4xg4
19.hxg4 Bg2xf1
20.Kxf1 Rh6h1
21.Ke2  { time }
1-0

[Event "Tourn. n9633"]
[Site "www.chess-mail.com"]
[Date "2018.01.23"]
[Round "1"]
[White "Jjmcbride"]
[Black "Madz123456"]
[WhiteElo "1690"]
[BlackElo "1670"]
[Result "1-0"]
[Round "1"]
1.e4 e6
2.d4 d5
3.e5 c5
4.f4 Nb8c6
5.Nb1a3 Nc6xd4
6.c3 Nd4f5
7.Bf1b5 Bc8d7
8.Ng1f3 Bd7xb5
9.Na3xb5 a6
10.Nb5d6 Bf8xd6
11.exd6 Ng8f6
12.Nf3e5 h5
13.c4  { time }
1-0

[Event "Tourn. n9672"]
[Site "www.chess-mail.com"]
[Date "2018.01.23"]
[Round "1"]
[White "Bojan"]
[Black "Prize64"]
[WhiteElo "2050"]
[BlackElo "2180"]
[Result "0-1"]
[Round "1"]
1.e4 c5
2.Ng1f3 Nb8c6
3.e5 Qd8c7
4.Qd1e2 e6
5.d3 Ng8e7
6.Bc1f4 Ne7g6
7.Bf4g3 Nc6d4
8.Nf3xd4 cxd4
9.a3 h5
10.h3 h4
11.Bg3h2 d6
12.exd6 Bf8xd6
13.Bh2xd6 Qc7xd6
14.Nb1d2 Ng6f4
15.Qe2g4 g6
16.Nd2e4 Qd6c7
17.c3 e5
18.Qg4f3 Bc8f5
19.g3 hxg3
20.Qf3xg3 Bf5xe4
21.dxe4 dxc3
22.Bf1b5 Kf8
23.bxc3 Kg7
24.Ra1d1 Ra8d8
25.Rd1b1 Rd8d3
26.Bb5xd3 Qc7xc3
27.Kf1 Nf4xd3
28.Kg2 Nd3f4
29.Kh2 Rh8xh3
30.Kg1 Rh3xg3
31.fxg3 Qc3xg3
{ resign }
0-1

[Event "Match"]
[Site "www.echecsemail.com"]
[Date "2018.01.23"]
[Round "1"]
[White "Apdash"]
[Black "Whitekknight"]
[WhiteElo "2240"]
[BlackElo "1960"]
[Result "1-0"]
[Round "1"]
1.e4 e5
2.f4 d6
3.Ng1f3 Nb8c6
4.Bf1c4 h6
5.O-O Qd8e7
6.d3 Bc8e6
7.Bc4b5 Be6d7
8.Nb1c3 a6
9.Bb5a4 b5
10.Nc3d5 Qe7d8
11.Ba4b3 Ng8f6
12.fxe5 dxe5
13.a4 Nf6xd5
14.exd5 Bf8c5
15.Kh1 Nc6d4
16.Nf3xd4 Bc5xd4
17.c3 Bd4b6
18.Qd1h5 Qd8e7
19.d6 Qe7xd6
20.Qh5xf7 Kd8
21.Qf7xg7 Rh8e8
22.Bc1xh6 c6
23.Bh6g5 Kc7
24.d4 Re8e7
25.Bg5xe7 { resign }
1-0

[Event "Match"]
[Site "www.echecsemail.com"]
[Date "2018.01.23"]
[Round "1"]
[White "Gidi5"]
[Black "Mdesouza"]
[WhiteElo "2310"]
[BlackElo "2240"]
[Result "0-1"]
[Round "1"]
1.e4 c5
2.Ng1f3 Nb8c6
3.Bf1b5 Nc6d4
4.Nf3xd4 cxd4
5.Bb5c4 Qd8c7
6.d3 g6
7.O-O Bf8g7
8.c3 e6
9.cxd4 Bg7xd4
10.Nb1c3 a6
11.Nc3e2 Bd4g7
12.Bc1f4 d6
13.Ra1c1 Qc7d7
14.Qd1d2 b5
15.Bc4b3 Bc8b7
16.Qd2a5 Ra8c8
17.Rc1xc8 Bb7xc8
18.Rf1c1 Qd7d8
19.Qa5xd8 Kxd8
20.Bf4xd6 Bc8d7
21.e5 Ng8e7
22.Ne2d4 g5
23.Rc1c7 Ne7c8
24.Nd4c6 Bd7xc6
25.Rc7xc6 Nc8xd6
26.Rc6xd6 Kc7
27.d4 Rh8c8
28.Kf1 Bg7f8
29.Rd6xa6 Kb7
30.Bb3xe6 Rc8c1
31.Ke2 Kxa6
32.Be6xf7 Rc1c2
33.Kf3 Rc2xb2
34.Bf7b3 Kb6
35.h3 Bf8b4
36.d5 Kc7
37.Kg4 Rb2xf2
38.g3 Rf2e2
39.e6 Re2g2
40.Kxg5 Rg2xg3
41.Kf6 Rg3xh3
42.Bb3c2 Kd6
43.Bc2f5 Rh3f3
44.e7 Bb4c3
45.Kg5 Kxe7
{ resign }
0-1

[Event "Match"]
[Site "www.echecsemail.com"]
[Date "2018.01.23"]
[Round "1"]
[White "Apdash"]
[Black "Geodad5"]
[WhiteElo "2290"]
[BlackElo "2110"]
[Result "0-1"]
[Round "1"]
1.Ng1f3 Nb8c6
2.g3 e5
3.e4 Ng8f6
4.d3 Bf8e7
5.Bf1g2 O-O
6.O-O h6
7.Nb1c3 d6
8.Nc3d5 Bc8e6
9.c4 a6
10.Bc1d2 Nf6h7
11.Bd2e3 f5
12.exf5 Be6xf5
13.Nd5xe7 Qd8xe7
14.Nf3h4 Qe7d7
15.Bg2d5 Bf5e6
16.Qd1g4 Rf8f6
17.f4 Ra8f8
18.Rf1f2 Nc6b4
19.Bd5xe6 Qd7xe6
20.Qg4xe6 Rf6xe6
21.f5 Re6f6
22.d4 Nb4d3
23.dxe5 Nd3xe5
24.Be3d4 Nh7g5
25.Bd4xe5 dxe5
26.Rf2e2 e4
27.Kg2 Rf6d6
28.g4 Rf8d8
29.Ra1e1 Kh7
30.Nh4g6 Rd6d2
31.Kg3 Rd8d3
32.Kf4 Ng5f7
33.Re2xe4 Rd2f2
{ resign }
0-1

[Event "Match"]
[Site "www.echecsemail.com"]
[Date "2018.01.23"]
[Round "1"]
[White "Irene"]
[Black "Apdash"]
[WhiteElo "2020"]
[BlackElo "2310"]
[Result "0-1"]
[Round "1"]
1.d4 d5
2.Nb1c3 e6
3.Ng1f3 Ng8f6
4.g3 Bf8e7
5.Bf1g2 O-O
6.Nf3e5 Nb8d7
7.e4 Nf6xe4
8.Ne5xd7 Ne4xc3
9.bxc3 Bc8xd7
10.Ra1b1 Ra8b8
11.O-O c5
12.c4 Bd7c6
13.cxd5 Bc6xd5
14.dxc5 Be7xc5
15.Bc1f4 Rb8c8
16.Bg2xd5 exd5
17.Rb1xb7 d4
18.Qd1g4 Qd8f6
19.Rf1e1 Qf6g6
20.Qg4xg6 hxg6
21.Re1e4 Rf8e8
22.Re4xe8 { time. }
0-1

[Event "Match"]
[Site "www.echecsemail.com"]
[Date "2018.01.23"]
[Round "1"]
[White "Gidi5"]
[Black "Calponas"]
[WhiteElo "2240"]
[BlackElo "2120"]
[Result "1-0"]
[Round "1"]
1.e4 c6
2.Nb1c3 d5
3.Ng1f3 d4
4.Nc3e2 c5
5.Ne2g3 Nb8c6
6.Bf1c4 e6
7.O-O Ng8e7
8.a3 g6
9.d3 Bf8g7
10.Bc1d2 O-O
11.b4 b6
12.Qd1c1 Bc8b7
13.Ra1b1 Qd8c7
14.Bd2f4 e5
15.Bf4h6 Ra8b8
16.Bh6xg7 Kxg7
17.Qc1g5 Ne7g8
18.b5 h6
19.Ng3f5 Kh7
20.Nf5xh6 { resign }
1-0

[Event "Match"]
[Site "www.echecsemail.com"]
[Date "2018.01.23"]
[Round "1"]
[White "Odrum"]
[Black "Muderfuger"]
[WhiteElo "1199"]
[BlackElo "1499"]
[Result "1-0"]
[Round "1"]
1.e4 e5
2.Ng1f3 Bf8c5
3.Nb1c3 Ng8f6
4.Bf1c4 O-O
5.O-O d5
6.exd5 c6
7.dxc6 bxc6
8.d3 g5
9.Bc1xg5 h6
10.Bg5xh6 Nf6g4
11.Bh6g5 Qd8a5
12.Nf3h4 Rf8d8
13.Nc3e4 Ng4xf2
14.Ne4xf2 Rd8d4
15.Nh4g6 Rd4d6
16.Ng6e7 Kf8
17.Qd1h5 f6
18.Qh5f7 
1-0